Breaching the Fortress Wall (Record no. 351805)
[ view plain ]
| 000 -LEADER | |
|---|---|
| fixed length control field | 00906nam a2200133Ia 4500 |
| 008 - FIXED-LENGTH DATA ELEMENTS--GENERAL INFORMATION | |
| fixed length control field | 171212s9999 xx 000 0 und d |
| 020 ## - INTERNATIONAL STANDARD BOOK NUMBER | |
| International Standard Book Number | 9780833039149 |
| 100 ## - MAIN ENTRY--PERSONAL NAME | |
| Personal name | Jackson, Brian A.;Chalk, Peter;Cragin, Kim;Newsome, Bruce;Parachini, John V.;Brian A. Jackson, ;Peter Chalk, ;R. Kim Cragin, ;Bruce Newsome, ;John V. Parachini, |
| 245 ## - TITLE STATEMENT | |
| Statement of responsibility, etc | Jackson, Brian A.;Chalk, Peter;Cragin, Kim;Newsome, Bruce;Parachini, John V.;Brian A. Jackson, ;Peter Chalk, ;R. Kim Cragin, ;Bruce Newsome, ;John V. Parachini, |
| Title | Breaching the Fortress Wall |
| Remainder of title | Understanding Terrorist Efforts to Overcome Defensive Technologies |
| 260 ## - PUBLICATION, DISTRIBUTION, ETC. (IMPRINT) | |
| Name of publisher, distributor, etc | RAND Corporation |
| Date of publication, distribution, etc | 2007 |
| 650 ## - SUBJECT ADDED ENTRY--TOPICAL TERM | |
| Topical term or geographic name as entry element | Political Science |
| 650 ## - SUBJECT ADDED ENTRY--TOPICAL TERM | |
| Topical term or geographic name as entry element | War on Terrorism, 2001– -- Technology; Security systems; Terrorism -- Prevention; Terrorism -- Prevention -- Case studies; Terrorism -- Case studies; National security |
| 856 ## - ELECTRONIC LOCATION AND ACCESS | |
| Uniform Resource Identifier | <a href="www.jstor.org/stable/10.7249/mg481dhs">www.jstor.org/stable/10.7249/mg481dhs</a> |
| Withdrawn status | Lost status | Damaged status | Home library | Current library | Date acquired | Total Checkouts | Full call number | Date last seen | Price effective from | Koha item type |
|---|---|---|---|---|---|---|---|---|---|---|
| College Library | College Library | 12/12/2017 | HV6431.B737 2007 | 12/12/2017 | 12/12/2017 | Curriculum - Based eBooks |